AUTOMOBILE MECHANICS FOR VOCATIONAL HIGH SCHOOL A SUGGESTED SYLLABUS (Record no. 568927)
[ view plain ]
| 000 -LEADER | |
|---|---|
| fixed length control field | 00265nam a22000977a 4500 |
| 082 ## - DEWEY DECIMAL CLASSIFICATION NUMBER | |
| Classification number | 629.2 AUT'O |
| 245 ## - TITLE STATEMENT | |
| Title | AUTOMOBILE MECHANICS FOR VOCATIONAL HIGH SCHOOL A SUGGESTED SYLLABUS |
| 260 ## - PUBLICATION, DISTRIBUTION, ETC. | |
| Place of publication, distribution, etc. | NEWYORK |
| Name of publisher, distributor, etc. | UNIVERSITY OF THE STATE |
| Date of publication, distribution, etc. | 1960 |
| 300 ## - PHYSICAL DESCRIPTION | |
| Extent | 131P |
| 942 ## - ADDED ENTRY ELEMENTS (KOHA) | |
| Koha item type | Book |
| Withdrawn status | Lost status | Damaged status | Not for loan | Permanent Location | Current Location | Shelving location | Date acquired | Total Checkouts | Full call number | Barcode | Date last seen | Price effective from | Koha item type |
|---|---|---|---|---|---|---|---|---|---|---|---|---|---|
| College of Electrical & Mechanical Engineering (CEME) | College of Electrical & Mechanical Engineering (CEME) | General Stacks | 07/17/2017 | 629.2 AUT'O | CEME-2836 | 06/28/2021 | 06/28/2021 | Book |
